000 00450nam a2200181Ia 4500
001 4196
005 20260306145738.0
008 260306t2006||||xx |||||||||||||| ||spa||
041 _aESP
082 _a320
_bV81
100 _aVoegelin, Eric, 1901-1985
_eAUT
245 0 _aLa nueva ciencia de la política:
_buna introducción
260 _c2006
300 _a238 páginas :
_c20 cm.
650 _aGEN
654 _aCDE
942 _cLIB
_dJUS
_fJUS
_2ddc
_n
999 _c4196
_d4196